000
00292nam a22001337a 4500
008
170907b xxu||||| |||| 00| 0 eng d
020
_a
9780696226618
041
_a
eng
080
_a
72
100
_a
41
101
_a
ARK
245
_a
GREAT BATHS COLLECTION
_c
MARSHALL, H
942
_2
udc
_c
BK
999
_c
26444
_d
26444